Uplatňovanie manažmentu ľudských zdrojov v praxi diplomová práca

Na minha lista:
Detalhes bibliográficos
Autor principal: Bocková, Antónia
Autor Corporativo: Národohospodárska fakulta EU. Katedra sociálneho rozvoja a práce
Outros Autores: Alexy, Július, 1926-2024
Formato: Livro
Idioma:eslovaco
Publicado em: Bratislava 2012
Tags: Adicionar Tag
Sem tags, seja o primeiro a adicionar uma tag!

MARC

LEADER 00000nbm a2200000 4500
001 0152182
005 20161109102017.5
041 0 |a slo 
044 |a SK 
245 1 0 |a Uplatňovanie manažmentu ľudských zdrojov v praxi  |b diplomová práca  |c Antónia Bocková ; školiteľ: Július Alexy 
264 1 |a Bratislava  |c 2012 
300 |a 60 s. 
100 1 |a Bocková, Antónia 
700 1 |a Alexy, Július, 1926-2024 
710 2 |a Národohospodárska fakulta EU. Katedra sociálneho rozvoja a práce